| 000 | 00774nam0a22002771 4500 | ||
|---|---|---|---|
| 001 | rc\3658173 | ||
| 005 | 20251128112438.0 | ||
| 021 |
_aRU _b[74-55299] |
||
| 035 | _a(NLR Aleph) 007836518 | ||
| 090 |
_a9775485 _c9775485 |
||
| 100 | _a20130115d1974 |||y0rusy50 ca | ||
| 101 | 0 | _arus | |
| 102 | _aRU | ||
| 105 | _ay z |||c| | ||
| 200 | 1 |
_aИщу судьбу _eОчерки |
|
| 210 |
_aСимферополь _cТаврия _d1974 |
||
| 215 |
_a256 с. _d17 |
||
| 606 |
_aСоветский народ _jОчерки _2psbo |
||
| 686 | 1 | _aТ3(2)73,02 | |
| 700 | 1 |
_aКриштоф _bЕ. Г. _f1925- _gЕлена Георгиевна |
|
| 801 | 0 |
_aRU _bNLR _gpsbo |
|
| 801 | 1 |
_aRU _bELAR _2rusmarc |
|
| 852 |
_aNLR _j74-2/1249 |
||
| 942 | _cBOOK | ||
| 980 | _aNB | ||